<?xml version="1.0" encoding="UTF-8"?><?xml-stylesheet type="text/xsl" href="static/style.xsl"?><OAI-PMH xmlns="http://www.openarchives.org/OAI/2.0/" xmlns:xsi="http://www.w3.org/2001/XMLSchema-instance" xsi:schemaLocation="http://www.openarchives.org/OAI/2.0/ http://www.openarchives.org/OAI/2.0/OAI-PMH.xsd"><responseDate>2026-04-13T02:32:24Z</responseDate><request verb="GetRecord" identifier="oai:www.recercat.cat:11351/10921" metadataPrefix="marc">https://recercat.cat/oai/request</request><GetRecord><record><header><identifier>oai:recercat.cat:11351/10921</identifier><datestamp>2025-10-24T10:41:58Z</datestamp><setSpec>com_2072_378070</setSpec><setSpec>com_2072_378040</setSpec><setSpec>col_2072_378092</setSpec></header><metadata><record xmlns="http://www.loc.gov/MARC21/slim" xmlns:dcterms="http://purl.org/dc/terms/" xmlns:xsi="http://www.w3.org/2001/XMLSchema-instance" xmlns:doc="http://www.lyncode.com/xoai" xsi:schemaLocation="http://www.loc.gov/MARC21/slim http://www.loc.gov/standards/marcxml/schema/MARC21slim.xsd">
   <leader>00925njm 22002777a 4500</leader>
   <datafield ind2=" " ind1=" " tag="042">
      <subfield code="a">dc</subfield>
   </datafield>
   <datafield ind2=" " ind1=" " tag="720">
      <subfield code="a">Weiss, Sarah</subfield>
      <subfield code="e">author</subfield>
   </datafield>
   <datafield ind2=" " ind1=" " tag="720">
      <subfield code="a">Sznol, Mario</subfield>
      <subfield code="e">author</subfield>
   </datafield>
   <datafield ind2=" " ind1=" " tag="720">
      <subfield code="a">shaheen, montaser</subfield>
      <subfield code="e">author</subfield>
   </datafield>
   <datafield ind2=" " ind1=" " tag="720">
      <subfield code="a">Berciano Guerrero, Miguel Angel</subfield>
      <subfield code="e">author</subfield>
   </datafield>
   <datafield ind2=" " ind1=" " tag="720">
      <subfield code="a">MUÑOZ COUSELO, EVA</subfield>
      <subfield code="e">author</subfield>
   </datafield>
   <datafield ind2=" " ind1=" " tag="720">
      <subfield code="a">Rodriguez-Abreu, Delvys</subfield>
      <subfield code="e">author</subfield>
   </datafield>
   <datafield ind2=" " ind1=" " tag="260">
      <subfield code="c">2024-01-29T08:04:12Z</subfield>
   </datafield>
   <datafield ind2=" " ind1=" " tag="260">
      <subfield code="c">2024-01-29T08:04:12Z</subfield>
   </datafield>
   <datafield ind2=" " ind1=" " tag="260">
      <subfield code="c">2024-01-01</subfield>
   </datafield>
   <datafield ind2=" " ind1=" " tag="520">
      <subfield code="a">CD40 agonistic antibody; Metastatic melanoma; Anti-PD-1 therapy</subfield>
   </datafield>
   <datafield ind2=" " ind1=" " tag="520">
      <subfield code="a">Anticuerpo agonista CD40; Melanoma metastásico; Terapia anti-PD-1</subfield>
   </datafield>
   <datafield ind2=" " ind1=" " tag="520">
      <subfield code="a">Anticòs agonista CD40; Melanoma metastàtic; Teràpia anti-PD-1</subfield>
   </datafield>
   <datafield ind2=" " ind1=" " tag="520">
      <subfield code="a">Purpose:&#xd;
Disease progression during or after anti-PD-1-based treatment is common in advanced melanoma. Sotigalimab is a CD40 agonist antibody with a unique epitope specificity and Fc receptor binding profile optimized for activation of CD40-expressing antigen-presenting cells. Preclinical data indicated that CD40 agonists combined with anti-PD1 could overcome resistance to anti-PD-1.&#xd;
Patients and Methods:&#xd;
We conducted a multicenter, open-label, phase II trial to evaluate the combination of sotigalimab 0.3 mg/kg and nivolumab 360 mg every 3 weeks in patients with advanced melanoma following confirmed disease progression on a PD-1 inhibitor. The primary objective was to determine the objective response rate (ORR).&#xd;
Results:&#xd;
Thirty-eight subjects were enrolled and evaluable for safety. Thirty-three were evaluable for activity. Five confirmed partial responses (PR) were observed for an ORR of 15%. Two PRs are ongoing at 45.9+ and 26+ months, whereas the other three responders relapsed at 41.1, 18.7, and 18.4 months. The median duration of response was at least 26 months. Two additional patients had stable disease for >6 months. Thirty-four patients (89%) experienced at least one adverse event (AE), and 13% experienced a grade 3 AE related to sotigalimab. The most common AEs were pyrexia, chills, nausea, fatigue, pruritus, elevated liver function, rash, vomiting, headache, arthralgia, asthenia, myalgia, and diarrhea. There were no treatment-related SAEs, deaths, or discontinuation of sotigalimab due to AEs.&#xd;
Conclusions:&#xd;
Sotigalimab plus nivolumab had a favorable safety profile consistent with the toxicity profiles of each agent. The combination resulted in durable and prolonged responses in a subset of patients with anti-PD-1-resistant melanoma, warranting further evaluation in this setting.</subfield>
   </datafield>
   <datafield ind2=" " ind1=" " tag="520">
      <subfield code="a">The study was funded by Apexigen. Drug support was provided by Apexigen and Bristol Myers Squibb. We acknowledge research funding in part from the Yale Calabresi Immuno-oncology Training Program (K12CA215110; to S.A. Weiss) and the Yale SPORE in Skin Cancer (P50 CA121974; to H.M. Kluger).</subfield>
   </datafield>
   <datafield ind1="8" ind2=" " tag="024">
      <subfield code="a">http://hdl.handle.net/11351/10921</subfield>
   </datafield>
   <datafield tag="653" ind2=" " ind1=" ">
      <subfield code="a">Melanoma - Tractament</subfield>
   </datafield>
   <datafield tag="653" ind2=" " ind1=" ">
      <subfield code="a">Quimioteràpia combinada</subfield>
   </datafield>
   <datafield tag="653" ind2=" " ind1=" ">
      <subfield code="a">Anticossos monoclonals</subfield>
   </datafield>
   <datafield tag="653" ind2=" " ind1=" ">
      <subfield code="a">ANALYTICAL, DIAGNOSTIC AND THERAPEUTIC TECHNIQUES, AND EQUIPMENT::Therapeutics::Therapeutics::Drug Therapy::Antineoplastic Protocols::Therapeutics::Drug Therapy::Antineoplastic Combined Chemotherapy Protocols</subfield>
   </datafield>
   <datafield tag="653" ind2=" " ind1=" ">
      <subfield code="a">CHEMICALS AND DRUGS::Amino Acids, Peptides, and Proteins::Proteins::Blood Proteins::Immunoproteins::Immunoglobulins::Antibodies::Antibodies, Monoclonal</subfield>
   </datafield>
   <datafield tag="653" ind2=" " ind1=" ">
      <subfield code="a">DISEASES::Neoplasms::Neoplasms by Histologic Type::Neoplasms::Neoplasms by Histologic Type::Neoplasms::Neoplasms by Histologic Type::Nevi and Melanomas::Melanoma</subfield>
   </datafield>
   <datafield tag="653" ind2=" " ind1=" ">
      <subfield code="a">TÉCNICAS Y EQUIPOS ANALÍTICOS, DIAGNÓSTICOS Y TERAPÉUTICOS::terapéutica::terapéutica::farmacoterapia::protocolos antineoplásicos::terapéutica::farmacoterapia::protocolos de quimioterapia antineoplásica combinada</subfield>
   </datafield>
   <datafield tag="653" ind2=" " ind1=" ">
      <subfield code="a">COMPUESTOS QUÍMICOS Y DROGAS::aminoácidos, péptidos y proteínas::proteínas::proteínas sanguíneas::inmunoproteínas::inmunoglobulinas::anticuerpos::anticuerpos monoclonales</subfield>
   </datafield>
   <datafield tag="653" ind2=" " ind1=" ">
      <subfield code="a">ENFERMEDADES::neoplasias::neoplasias por tipo histológico::neoplasias::neoplasias por tipo histológico::neoplasias::neoplasias por tipo histológico::nevos y melanomas::melanoma</subfield>
   </datafield>
   <datafield ind2="0" ind1="0" tag="245">
      <subfield code="a">A Phase II Trial of the CD40 Agonistic Antibody Sotigalimab (APX005M) in Combination with Nivolumab in Subjects with Metastatic Melanoma with Confirmed Disease Progression on Anti-PD-1 Therapy</subfield>
   </datafield>
</record></metadata></record></GetRecord></OAI-PMH>